[Event "Pereira Fiestas de la Cosecha op"]
[Site "Pereira"]
[Date "2023.08.26"]
[Round "5"]
[White "Torres, Jorge Emilio"]
[Black "Buitrago, Bernardo"]
[Result "0-1"]
[WhiteElo "1957"]
[BlackElo "1785"]
[PlyCount "47"]
[EventDate "2023.08.24"]
[EventType "swiss"]
[EventRounds "7"]
[EventCountry "COL"]
[SourceTitle "EXT 2024"]
[Source "ChessBase"]
[SourceDate "2023.10.10"]
[SourceVersion "1"]
[SourceVersionDate "2023.10.10"]
[SourceQuality "1"]

1. d4 Nf6 2. Nf3 g6 3. g3 Bg7 4. Bg2 c6 5. 0-0 0-0 6. b3 d5 7. Bb2 Nbd7 8. Nbd2 Re8 9. c4 e6 10. Rc1 a5 11. cxd5 exd5 12. e3 Nh5 13. Qc2 f5 14. Ne1 Ndf6 15. Nd3 Ne4 16. Nf3 Nhf6 17. Nfe5 Nd7 18. Ne1 Nxe5 19. dxe5 h5 20. f3 Ng5 21. h4 Ne6 22. f4 Bf8 23. Kh2 Bd7 24. Nd3 0-1

[Event "Pereira Fiestas de la Cosecha op"]
[Site "Pereira"]
[Date "2023.08.25"]
[Round "3"]
[White "Pardo Sierra, Aurelio"]
[Black "Buitrago, Bernardo"]
[Result "0-1"]
[WhiteElo "1964"]
[BlackElo "1785"]
[PlyCount "62"]
[EventDate "2023.08.24"]
[EventType "swiss"]
[EventRounds "7"]
[EventCountry "COL"]
[SourceTitle "EXT 2024"]
[Source "ChessBase"]
[SourceDate "2023.10.10"]
[SourceVersion "1"]
[SourceVersionDate "2023.10.10"]
[SourceQuality "1"]

1. d4 Nf6 2. Nf3 d5 3. c4 c6 4. Nc3 e6 5. Bg5 h6 6. Bxf6 Qxf6 7. e3 Nd7 8. Rc1 a6 9. Qb3 Be7 10. Bd3 0-0 11. 0-0 g5 12. e4 dxe4 13. Nxe4 Qg7 14. Bb1 g4 15. Ne5 Nxe5 16. dxe5 Qxe5 17. c5 f5 18. Ng3 Rf7 19. Rfe1 Qf6 20. a4 Qg5 21. Ba2 Kg7 22. Qc2 Rf6 23. Rcd1 h5 24. Qc3 h4 25. Nf1 Kf7 26. Qe5 Rg6 27. Qc7 f4 28. Rd8 g3 29. hxg3 hxg3 30. fxg3 Qxc5+ 31. Kh1 fxg3 0-1

[Event "Bogota El Tablazo op-B"]
[Site "Bogota"]
[Date "2022.06.25"]
[Round "2.16"]
[White "Buitrago, Bernardo"]
[Black "Torres, Juan Nicolas"]
[Result "0-1"]
[WhiteElo "1835"]
[BlackElo "1265"]
[PlyCount "82"]
[EventDate "2022.06.24"]
[EventType "swiss"]
[EventRounds "7"]
[EventCountry "COL"]
[SourceTitle "EXT 2024"]
[Source "ChessBase"]
[SourceDate "2023.10.10"]
[SourceVersion "1"]
[SourceVersionDate "2023.10.10"]
[SourceQuality "1"]

1. d4 c5 2. d5 d6 3. c4 e6 4. e4 g6 5. Bd2 Bg7 6. Bc3 Bxc3+ 7. Nxc3 e5 8. Nge2 f5 9. Qd2 Nf6 10. f3 Na6 11. a3 Bd7 12. Nc1 Nc7 13. Bd3 Nh5 14. Qf2 Qg5 15. N1e2 f4 16. b4 b6 17. h4 Qf6 18. g4 fxg3 19. Nxg3 Nf4 20. Bc2 Na6 21. b5 Nc7 22. Kd2 Rf8 23. Bd1 Nh3 24. Qe3 Qxh4 25. Nge2 Qg5 26. Nc1 Qg2+ 27. Be2 Qxh1 28. Qh6 Qg2 29. Kd1 Qg5 30. Qxh7 0-0-0 31. Nd3 Rh8 32. Qg7 Rdg8 33. Qf7 Be8 34. Qxg8 Rxg8 35. Kc2 Nf4 36. Nxf4 Qxf4 37. a4 a5 38. Rh1 Qf6 39. Kd3 Rh8 40. Rf1 Rh2 41. Nd1 Bd7 0-1

[Event "COL-chC"]
[Site "Bogota"]
[Date "2019.08.29"]
[Round "2"]
[White "Acosta Cruz, Luis Ivan"]
[Black "Buitrago, Bernardo"]
[Result "0-1"]
[WhiteElo "1784"]
[BlackElo "1852"]
[PlyCount "54"]
[EventDate "2019.08.28"]
[EventType "swiss"]
[EventRounds "7"]
[EventCountry "COL"]
[SourceTitle "EXT 2020"]
[Source "ChessBase"]
[SourceDate "2019.10.17"]
[SourceVersion "1"]
[SourceVersionDate "2019.10.17"]
[SourceQuality "1"]

1. d4 Nf6 2. c4 g6 3. Nc3 Bg7 4. e4 d6 5. f3 0-0 6. Be3 Nc6 7. Qd2 Re8 8. g4 e5 9. d5 Nd4 10. Nce2 c5 11. dxc6 Nxc6 12. 0-0-0 Be6 13. Nc3 Nd4 14. Bxd4 exd4 15. Nb5 Rc8 16. b3 a6 17. Nxd4 b5 18. Nxe6 Rxe6 19. Kb1 Ne8 20. g5 Qb6 21. cxb5 Rc3 22. Rc1 Rxc1+ 23. Kxc1 axb5 24. Ne2 Re7 25. Kb1 Qf2 26. Qd3 Qe1+ 27. Nc1 Rc7 0-1

[Event "COL-ch U2000"]
[Site "Pereira"]
[Date "2019.03.24"]
[Round "6"]
[White "Buitrago, Bernardo"]
[Black "Ortega Leon, Jaime"]
[Result "1-0"]
[WhiteElo "1878"]
[BlackElo "1705"]
[PlyCount "52"]
[EventDate "2019.03.21"]
[EventType "swiss"]
[EventRounds "9"]
[EventCountry "COL"]
[SourceTitle "CBM 189 Extra"]
[Source "ChessBase"]
[SourceDate "2019.06.03"]
[SourceVersion "1"]
[SourceVersionDate "2019.06.03"]
[SourceQuality "1"]

1. d4 d5 2. Bf4 e6 3. e3 Bd6 4. Bg3 Nc6 5. Nd2 Nge7 6. Ngf3 b6 7. c3 Bb7 8. Bd3 Qd7 9. Qe2 h6 10. a4 Bxg3 11. hxg3 0-0-0 12. b4 Kb8 13. a5 Nc8 14. Bb5 f6 15. Nb3 Qf7 16. axb6 cxb6 17. Nfd2 e5 18. Bd3 exd4 19. Nxd4 Nxd4 20. cxd4 Rd7 21. 0-0 g5 22. Bf5 Rc7 23. Rfc1 Nd6 24. Rxc7 Qxc7 25. Bd3 h5 26. Qf3 Qg7 1-0

[Event "COL-ch U2000"]
[Site "Pereira"]
[Date "2019.03.21"]
[Round "1"]
[White "Florez, Santiago"]
[Black "Buitrago, Bernardo"]
[Result "0-1"]
[WhiteElo "1667"]
[BlackElo "1878"]
[PlyCount "65"]
[EventDate "2019.03.21"]
[EventType "swiss"]
[EventRounds "9"]
[EventCountry "COL"]
[SourceTitle "CBM 189 Extra"]
[Source "ChessBase"]
[SourceDate "2019.06.03"]
[SourceVersion "1"]
[SourceVersionDate "2019.06.03"]
[SourceQuality "1"]

1. d4 Nf6 2. Nf3 g6 3. Bf4 Bg7 4. e3 c5 5. c3 Nc6 6. Bd3 d6 7. h3 Qb6 8. Qc2 Bd7 9. Nbd2 cxd4 10. exd4 0-0 11. 0-0 Rac8 12. Nc4 Qd8 13. Qb3 b6 14. Rfe1 Re8 15. Ng5 Rf8 16. a3 h6 17. Nxf7 Rxf7 18. Bxg6 d5 19. Bxf7+ Kxf7 20. Ne5+ Kg8 21. Rad1 e6 22. Qc2 Be8 23. Qd2 Kh7 24. Ng4 Nxg4 25. hxg4 Bf7 26. g5 hxg5 27. Bxg5 Qd6 28. Qd3+ Kg8 29. Qe3 Kh7 30. Qh3+ Kg8 31. Bh6 Ne7 32. Bxg7 Kxg7 33. Re3 0-1

[Event "Bogota Mayores Alcaldia op 8th"]
[Site "Bogota"]
[Date "2018.06.10"]
[Round "4"]
[White "Buitrago, Bernardo"]
[Black "Rojas Mendoza, Joun Sun"]
[Result "1-0"]
[WhiteElo "1880"]
[BlackElo "1587"]
[PlyCount "90"]
[EventDate "2018.06.08"]
[EventType "swiss"]
[EventRounds "7"]
[EventCountry "COL"]
[SourceTitle "CBM 184 Extra"]
[Source "ChessBase"]
[SourceDate "2018.06.28"]
[SourceVersion "1"]
[SourceVersionDate "2018.06.28"]
[SourceQuality "1"]

1. e4 e6 2. d3 d5 3. Nd2 Nf6 4. g3 dxe4 5. dxe4 Nc6 6. Bg2 Bc5 7. Ngf3 e5 8. c3 a6 9. Qe2 0-0 10. 0-0 Bg4 11. Nc4 Qd7 12. Bg5 b5 13. Bxf6 gxf6 14. Ne3 Bxe3 15. Qxe3 Rad8 16. Qh6 Bxf3 17. Bxf3 Qe6 18. Bg2 Ne7 19. Bh3 Qb6 20. Rae1 Kh8 21. Rd1 Kg8 22. Bg4 Kh8 23. h4 c5 24. Rd7 Ng8 25. Qh5 Rxd7 26. Bxd7 Ne7 27. Rd1 Kg8 28. Qg4+ Kh8 29. Qe2 c4 30. Kg2 Rd8 31. Bg4 Rd6 32. b3 cxb3 33. axb3 Qd8 34. Qc2 Rxd1 35. Bxd1 Qd7 36. Be2 f5 37. exf5 Qxf5 38. Bd3 Qh5 39. c4 bxc4 40. Qxc4 f5 41. Qxa6 Kg7 42. Qc4 e4 43. Be2 Qg6 44. Qd4+ Kf8 45. Bc4 Ng8 1-0

[Event "Bogota Mayores Alcaldia op 8th"]
[Site "Bogota"]
[Date "2018.06.08"]
[Round "1"]
[White "Parra Ojeda, Yesid Alfredo"]
[Black "Buitrago, Bernardo"]
[Result "0-1"]
[WhiteElo "1597"]
[BlackElo "1880"]
[PlyCount "56"]
[EventDate "2018.06.08"]
[EventType "swiss"]
[EventRounds "7"]
[EventCountry "COL"]
[SourceTitle "CBM 184 Extra"]
[Source "ChessBase"]
[SourceDate "2018.06.28"]
[SourceVersion "1"]
[SourceVersionDate "2018.06.28"]
[SourceQuality "1"]

1. d4 Nf6 2. Nf3 d6 3. c4 Bg4 4. e3 Nbd7 5. h3 Bh5 6. Nc3 e5 7. Be2 e4 8. Nd2 Bg6 9. Qc2 c6 10. 0-0 d5 11. c5 Be7 12. b4 0-0 13. a4 Ne8 14. Nb3 f5 15. f4 Bh4 16. Kh2 Nc7 17. g3 Be7 18. Bd2 Ne6 19. b5 Qc7 20. Rfc1 Nf6 21. Qd1 Be8 22. Ra2 g5 23. Qg1 Kh8 24. Rf1 Nh5 25. Kh1 gxf4 26. Bxh5 Bxh5 27. gxf4 Rg8 28. Qh2 Bh4 0-1

[Event "COL-ch Amateur U2000"]
[Site "Bogota"]
[Date "2017.03.03"]
[Round "2"]
[White "Esquivia Cuadrado, Andres"]
[Black "Buitrago, Bernardo"]
[Result "0-1"]
[WhiteElo "1725"]
[BlackElo "1843"]
[PlyCount "44"]
[EventDate "2017.03.02"]
[EventType "swiss"]
[EventRounds "7"]
[EventCountry "COL"]
[SourceTitle "CBM 177 Extra"]
[Source "ChessBase"]
[SourceDate "2017.04.27"]
[SourceVersion "1"]
[SourceVersionDate "2017.04.27"]
[SourceQuality "1"]

1. Nf3 d6 2. g3 Nc6 3. Bg2 e5 4. d3 f5 5. e4 Nf6 6. Nbd2 Be7 7. 0-0 0-0 8. c3 Kh8 9. b4 a6 10. Qb3 Qe8 11. Bb2 Qh5 12. a4 Nd8 13. Qd1 fxe4 14. dxe4 Bg4 15. Re1 Ne6 16. h4 g5 17. Qc2 gxh4 18. Nxh4 Ng5 19. Nf1 Ng8 20. Nh2 Nh3+ 21. Bxh3 Bxh3 22. N2f3 Rxf3 0-1

[Event "Bogota September op"]
[Site "Bogota"]
[Date "2015.09.20"]
[Round "5"]
[White "Cruz Beltran, Andres Euclides"]
[Black "Buitrago, Bernardo"]
[Result "0-1"]
[WhiteElo "1596"]
[BlackElo "1814"]
[PlyCount "51"]
[EventDate "2015.09.18"]
[EventType "swiss"]
[EventRounds "6"]
[EventCountry "COL"]
[SourceTitle "EXT 2016"]
[Source "ChessBase"]
[SourceDate "2015.10.08"]
[SourceVersion "1"]
[SourceVersionDate "2015.10.08"]
[SourceQuality "1"]

1. e4 c5 2. Nf3 e6 3. Nc3 a6 4. d4 cxd4 5. Nxd4 Qc7 6. Be3 Nc6 7. f3 b5 8. Qd2 Bb7 9. g4 Bb4 10. a3 Be7 11. 0-0-0 b4 12. Nb1 bxa3 13. Nxa3 Bxa3 14. bxa3 Nge7 15. Nb3 d5 16. exd5 exd5 17. Nd4 0-0 18. Nxc6 Qxc6 19. Qd4 Rfc8 20. Bd3 a5 21. Qb6 Qd7 22. Rhe1 Rc6 23. Bb5 Rxb6 24. Bxd7 Rd6 25. Bg5 Ng6 26. Ba4 0-1

[Event "Bogota September op"]
[Site "Bogota"]
[Date "2015.09.19"]
[Round "2"]
[White "Buitrago, Bernardo"]
[Black "Rodriguez Munoz, Cesar Esteban"]
[Result "1/2-1/2"]
[WhiteElo "1814"]
[BlackElo "2121"]
[PlyCount "85"]
[EventDate "2015.09.18"]
[EventType "swiss"]
[EventRounds "6"]
[EventCountry "COL"]
[SourceTitle "EXT 2016"]
[Source "ChessBase"]
[SourceDate "2015.10.08"]
[SourceVersion "1"]
[SourceVersionDate "2015.10.08"]
[SourceQuality "1"]

1. e4 e5 2. Nf3 Nc6 3. Bc4 Nf6 4. d3 h6 5. a3 d6 6. h3 Be7 7. Be3 Be6 8. Nbd2 Qc8 9. c3 a6 10. Qb3 Na5 11. Qa4+ Nc6 12. Qc2 b5 13. Bxe6 fxe6 14. d4 0-0 15. 0-0 Nh5 16. Nh2 Nf4 17. Qd1 Qe8 18. Bxf4 Rxf4 19. g3 Qg6 20. Kh1 Rf7 21. dxe5 Nxe5 22. Qe2 Nd7 23. a4 bxa4 24. Rxa4 Nc5 25. Ra2 e5 26. b4 Qe6 27. Raa1 Nb3 28. Nxb3 Qxb3 29. Qd3 Kh8 30. Kg2 Qb2 31. Kg1 Rxf2 32. Rxf2 Qxa1+ 33. Kg2 Qa4 34. Ng4 Rb8 35. Ne3 a5 36. Nd5 Bf8 37. bxa5 Qxa5 38. Qc4 c5 39. Qe2 Qd8 40. Qh5 Qe8 41. Qg4 Qc8 42. Qg6 Qe8 43. Qg4 1/2-1/2

[Event "Mosquera op"]
[Site "Mosquera"]
[Date "2014.10.31"]
[Round "3"]
[White "Buitrago, Bernardo"]
[Black "Pereira Vera, Henry Alberto"]
[Result "1-0"]
[WhiteElo "1860"]
[BlackElo "1995"]
[PlyCount "93"]
[EventDate "2014.10.30"]
[EventType "swiss"]
[EventRounds "9"]
[EventCountry "COL"]
[SourceTitle "EXT 2015"]
[Source "ChessBase"]
[SourceDate "2014.11.20"]
[SourceVersion "1"]
[SourceVersionDate "2014.11.20"]
[SourceQuality "1"]

1. e4 d5 2. exd5 Qxd5 3. Nc3 Qd6 4. Nf3 Nf6 5. d3 Bg4 6. Be2 e6 7. a3 Be7 8. Be3 0-0 9. Qd2 Nd5 10. Nxd5 exd5 11. 0-0 Nd7 12. Nd4 Qg6 13. Bxg4 Qxg4 14. f3 Qg6 15. Rae1 Bf6 16. c3 Ne5 17. f4 Ng4 18. f5 Qh5 19. h3 Nxe3 20. Qxe3 Rad8 21. Qf3 Qh4 22. Ne2 d4 23. c4 c6 24. Ng3 Bg5 25. Ne4 Be3+ 26. Kh2 Rfe8 27. Re2 Re5 28. g3 Qh6 29. b4 Rde8 30. g4 c5 31. Rg2 Qa6 32. bxc5 Qxa3 33. Qe2 Rxc5 34. g5 Rc6 35. Qh5 Qxd3 36. Nf6+ Kf8 37. Nxh7+ Kg8 38. Nf6+ Kf8 39. Nh7+ Ke7 40. Qf3 Qxc4 41. f6+ Kd7 42. fxg7 Rg6 43. Nf8+ Kd8 44. Qxb7 Qc7+ 45. Qxc7+ Kxc7 46. Nxg6 fxg6 47. Rf8 1-0

[Event "Bogota Verano op"]
[Site "Bogota"]
[Date "2013.08.19"]
[Round "7"]
[White "Ribero, Guillermo Andres"]
[Black "Buitrago, Bernardo"]
[Result "0-1"]
[WhiteElo "1777"]
[BlackElo "1871"]
[PlyCount "34"]
[EventDate "2013.08.16"]
[EventType "swiss"]
[EventRounds "7"]
[EventCountry "COL"]
[SourceTitle "CBM 156 Extra"]
[Source "ChessBase"]
[SourceDate "2013.10.22"]
[SourceVersion "1"]
[SourceVersionDate "2013.10.22"]
[SourceQuality "1"]

1. e4 g6 2. d4 Bg7 3. f4 d6 4. Nf3 Nf6 5. Nc3 b6 6. e5 dxe5 7. fxe5 Nd5 8. Bc4 Bb7 9. 0-0 0-0 10. Ng5 e6 11. Nge4 Nxc3 12. Nxc3 c5 13. d5 Bxe5 14. dxe6 Qh4 15. exf7+ Kg7 16. Bd5 Bxh2+ 17. Kh1 Bg3+ 0-1

[Event "Bogota Verano op"]
[Site "Bogota"]
[Date "2013.08.18"]
[Round "5"]
[White "Becerra Fonseca, Camila Andrea"]
[Black "Buitrago, Bernardo"]
[Result "0-1"]
[WhiteElo "1505"]
[BlackElo "1871"]
[PlyCount "44"]
[EventDate "2013.08.16"]
[EventType "swiss"]
[EventRounds "7"]
[EventCountry "COL"]
[SourceTitle "CBM 156 Extra"]
[Source "ChessBase"]
[SourceDate "2013.10.22"]
[SourceVersion "1"]
[SourceVersionDate "2013.10.22"]
[SourceQuality "1"]

1. d4 Nf6 2. c4 e6 3. Nc3 Bb4 4. Bd2 c5 5. e3 b6 6. Nf3 Bb7 7. Bd3 a6 8. 0-0 Qc7 9. a3 Bxc3 10. Bxc3 Ng4 11. g3 h5 12. dxc5 f6 13. Bg6+ Ke7 14. cxb6 Qxb6 15. Bb4+ d6 16. Rc1 Nd7 17. Rc2 a5 18. Bxd6+ Qxd6 19. Rd2 Qc6 20. e4 Nge5 21. Nd4 Qb6 22. f4 Nxg6 0-1

[Event "COL-ch Physically limited 3rd"]
[Site "Colombia"]
[Date "2012.11.25"]
[Round "1.4"]
[White "Torres, Jairo"]
[Black "Buitrago, Bernardo"]
[Result "0-1"]
[WhiteElo "1590"]
[BlackElo "1871"]
[PlyCount "56"]
[EventDate "2012.11.25"]
[EventType "swiss"]
[EventRounds "7"]
[EventCountry "COL"]
[SourceTitle "EXT 2024"]
[Source "ChessBase"]
[SourceDate "2023.10.10"]
[SourceVersion "1"]
[SourceVersionDate "2023.10.10"]
[SourceQuality "1"]

1. d4 Nf6 2. b3 c5 3. c3 e6 4. Bb2 Nc6 5. Nf3 Qa5 6. a3 cxd4 7. Nxd4 d5 8. e3 Bd7 9. b4 Qb6 10. c4 dxc4 11. Bxc4 a5 12. b5 Na7 13. a4 Bb4+ 14. Nc3 Rc8 15. Qd3 Qc5 16. 0-0 Qxc4 17. Qxc4 Rxc4 18. Rac1 0-0 19. b6 Nc6 20. Nxc6 Bxc6 21. Ne2 Rxc1 22. Rxc1 Bxa4 23. Ra1 Bb3 24. Nd4 Bd5 25. Nc2 Nd7 26. Nxb4 axb4 27. Bd4 f6 28. Bc5 Nxc5 0-1